000 00452cam a2200181ua 4500
020 _cRs 7.50
041 _aeng
_h
082 _a200.1
_bBHA/ES
100 _aBhagavan, Das .
245 _aEssential unity of all religions /
_cBhagavan Das.
_hTextual Documents
250 _a6 /
_b.
260 _aMumbai :
_bBharatiya Vidya Bhavan ,
_c1960.
300 _a929 ; .
365 _aRs 7.50
504 _a
942 _cBK
999 _c1446
_d1446